Farouk of Egypt : a biography /

محفوظ في:

المؤلف الرئيسي: McBride, Barrie St. Clair (مؤلف)

التنسيق: كتاب

اللغة: English

منشور في: South Brunswick [N.J.] : A. S. Barnes, [1968, c1967].

الطبعة: [1st American ed.].

الموضوعات:

الوسوم: إضافة وسم

لا توجد وسوم, كن أول من يضع وسما على هذه التسجيلة!

رقم الطلب: DT107.82 .M3 1968

LEADER 00816namaa2200265 4500
001 14049
003 OSt
005 20250729130003.0
008 130303s1968 nju b 000 0beng d
010 |a  68029863 
040 |c ARCE Library 
043 |a f-ua--- 
050 4 |a DT107.82 .M3 1968 
100 1 |a McBride, Barrie St. Clair,  |e author 
245 1 0 |a Farouk of Egypt :  |b a biography /  |c Barrie St. Clair McBride. 
250 |a [1st American ed.]. 
264 1 |a South Brunswick [N.J.] :   |b A. S. Barnes,  |c [1968, c1967]. 
300 |a 238 pages ;  |c 22 cm. 
504 |a Bibliography : pages 229-232. 
600 0 0 |a Faruk  |b I,  |c King of Egypt,  |d 1920-1965. 
651 0 |a Egypt  |x Kings and rulers  |v Biography. 
651 0 |a Egypt  |x Politics and government  |y 1919-1952. 
901 |a reviewed 
942 |c BK  |2 lcc 
999 |c 13537  |d 13537